000 00292nam a22001337a 4500
008 181102b xxu||||| |||| 00| 0 eng d
020 _a9780070625471
041 _aeng
080 _a101
100 _a25
101 _aFIL
245 _aThe Philosophy Quest
_cGail.M.P
942 _2udc
_cBK
999 _c51644
_d51644